| 000 | 00816nam a2200265Ia 4500 | ||
|---|---|---|---|
| 003 | OSt | ||
| 005 | 20220926024646.0 | ||
| 006 | a|||||r|||| 00| 0 | ||
| 007 | ta | ||
| 008 | 220923b |||||||| |||| 00| 0 eng d | ||
| 020 |
_a9780750684262 _c505.75 |
||
| 037 |
_b823, 27/12/2013, Pranami Book Service _cGeneral Book |
||
| 040 |
_aRTL _cRTL _beng |
||
| 041 |
_2eng _aeng |
||
| 082 | _aX:521, P8 | ||
| 100 |
_aBASU Ron _9331311 |
||
| 245 | 0 | _aTotal supply chain manangement. | |
| 260 |
_aOxford _bButterworth Heinemann _c2008 |
||
| 300 |
_axvi,392p. _ccm. |
||
| 500 | _aBibliography: Chapterwise. | ||
| 650 | _aCommerce | ||
| 700 |
_a WRIGHT J Nevan _9331312 |
||
| 942 |
_hX:521, P8 _cGB _2CC |
||
| 999 |
_c645127 _d645127 |
||